• 首页
  • 本馆介绍
  • 公告通知
  • 最新文献
  • 馆藏检索
  • 电子资源
  • 读者导购
  • 参考咨询
  • 我的图书馆
  • 登录
  • 详细信息显示
  • 放入我的书架
  • 预约/预借图书
  • 作者相关作品
  • 分类相关作品
  • 丛书相关作品
  • 出版社相关作品

书目信息

  • 表格格式
  • 工作单格式
  • 卡片格式
题名:
陶渊明哲学思想研究
    
 
作者: 苟小泉 , 刘之静 著
分册:  
出版信息: 北京   社会科学文献出版社  2019
页数: 259页
开本: 24cm
丛书名:
单 册:
中图分类: B235.95 , K825.6=372
科图分类:
主题词: 诗人--shi ren--哲学思想--研究--中国--东晋时代
电子资源:
ISBN: 978-7-5201-5320-1
000 01641nam0 2200325 450
001 2159261869
005 20210926145341.0
010    @a978-7-5201-5320-1@dCNY98.00
100    @a20200514d2019 em y0chiy0120 ea
101 0  @achi
102    @aCN@b110000
105    @ay z 001yy
106    @ar
200 1  @a陶渊明哲学思想研究@Atao yuan ming zhe xue si xiang yan jiu@dA study of Tao Yuanming's philosophy and thought@f苟小泉,刘之静著@zeng
210    @a北京@c社会科学文献出版社@d2019
215    @a259页@d24cm
300    @a国家社科基金后期资助项目
314    @a苟小泉 (1968-),陕西省礼泉县人。哲学博士,上海应用技术大学马克思主义学院副教授。主持国家社科基金2项,撰写学术专著《陈白沙哲学研究》 《中国传统哲学本体论形态研究》,发表学术论文80余篇。
314    @a刘之静 (1969-),陕西省榆林市人。现供职于上海应用技术大学。曾在《延安大学学报》和陕西省社科院《人文杂志》社担任编辑,学术兴趣广泛,发表学术论文20余篇,出版诗集《鸣琴集》。
320    @a有索引
330    @a本书以中国哲学传统为背景,以陶渊明诗文的内在意义的揭示为脉络,以世界观、本体论、方法论、价值观、德性论、涵养论、境界论等论域展示出明晰的陶渊明哲学思想体系,并进一步探讨了陶渊明哲学思想的渊源和影响,得出了一些具有学术价值和研究意义的结论和观点。
510 1  @aA study of Tao Yuanming's philosophy and thought@zeng
600  0 @a陶渊明@Atao yuan ming@f(365-427)@x哲学思想@x研究
606 0  @a诗人@Ashi ren@x哲学思想@x研究@y中国@z东晋时代
690    @aB235.95@v5
690    @aK825.6=372@v5
701  0 @a苟小泉@Agou xiao quan@f(1968-)@4著
701  0 @a刘之静@Aliu zhi jing@f(1969-)@4著
801  0 @aCN@b百万庄@c20210926
905    @b1299524-27@dB235.95@e23@f4
    
    陶渊明哲学思想研究=A study of Tao Yuanming's philosophy and thought/苟小泉,刘之静著.-北京:社会科学文献出版社,2019
    259页;24cm
    国家社科基金后期资助项目
    
    ISBN 978-7-5201-5320-1:CNY98.00
    本书以中国哲学传统为背景,以陶渊明诗文的内在意义的揭示为脉络,以世界观、本体论、方法论、价值观、德性论、涵养论、境界论等论域展示出明晰的陶渊明哲学思想体系,并进一步探讨了陶渊明哲学思想的渊源和影响,得出了一些具有学术价值和研究意义的结论和观点。
●
相关链接 在E读中查询图书 在五车中查询图书 在当当中查询图书 在豆瓣中查询图书


正题名:陶渊明哲学思想研究     索取号:B235.95/23         预约/预借

序号 登录号 条形码 馆藏地/架位号 状态 备注
1 1299524   212995240   第一样本阅览室/ [索取号:B235.95/23] 在馆    
2 1299525   212995259   第一借阅区/ [索取号:B235.95/23] 在馆    
3 1299526   212995268   第一借阅区/ [索取号:B235.95/23] 在馆    
4 1299527   212995277   第一借阅区/ [索取号:B235.95/23] 在馆    
唐山师范学院图书馆 欢迎您!
大连网信软件有限公司© 版权所有